Kaukasian valtiot ja alueet - Statistics

Yleistilastot
  • Tätä visaa on pelattu 1 003 kertaa
    708 viimeisimmän päivityksen jälkeen
  • Keskiarvotulos 5 / 7
Vastaukset kartalla
Vastauksille on annettu kartalla punavihreä väri sen mukaan, kuinka moni on saanut sen oikein.
 
Vastaustilastot
Valtiot % Oikein
Georgia
97%
Turkki
96%
Armenia
95%
Azerbaidžan
92%
Venäjä
92%
Etelä-Ossetia
27%
Abhasia
22%
Ehtoja vastaavia visoja ei löytynyt
Tulosjakauma
Jokaisen tuloksen saaneiden osuus
Persentiili vastausten määrän mukaan
Tuloshistoriasi
Et ole pelannut tätä visaa sen viimeisimmän päivityksen jälkeen